Statistics for 12 Random Countries w/ Neighbours on World Map in 30 seconds

Click here to take the quiz!

General Stats

  • This quiz has been taken 450 times
  • The average score is 3 of 12

Answers on the Map

Answers color-coded by a green-red scale on the quiz's map according to % correct below.
 

Answer Stats

Country% Correct
Russia
100%
United States
96%
Brazil
90%
Sudan
88%
Canada
85%
China
83%
France
78%
Mexico
78%
Italy
73%
Sweden
73%
Bolivia
67%
India
67%
Spain
67%
United Kingdom
67%
Uruguay
63%
Morocco
56%
Ukraine
56%
Haiti
55%
Poland
55%
Serbia
54%
Mongolia
53%
Bahamas
50%
South Africa
50%
Democratic Republic
of the Congo
46%
Algeria
45%
Cameroon
45%
Germany
45%
Guatemala
45%
Japan
45%
Yemen
45%
Chad
44%
Chile
44%
Eswatini
43%
Guyana
43%
Madagascar
43%
Paraguay
43%
Vietnam
43%
Ireland
42%
North Korea
42%
Australia
40%
Iran
40%
Niger
40%
Colombia
38%
Honduras
38%
Mali
38%
Portugal
38%
Argentina
36%
Oman
36%
Peru
36%
Iceland
35%
Andorra
33%
Belgium
33%
Botswana
33%
Ecuador
33%
Ethiopia
33%
Georgia
33%
Kiribati
33%
Myanmar
33%
Senegal
33%
Slovakia
33%
South Korea
33%
Uzbekistan
33%
Eritrea
31%
Turkmenistan
31%
Switzerland
30%
Togo
30%
Burkina Faso
29%
Indonesia
29%
Kazakhstan
29%
Nepal
29%
Papua New Guinea
29%
Guinea
27%
Nicaragua
27%
North Macedonia
27%
Pakistan
27%
South Sudan
27%
Suriname
27%
Zambia
27%
Greece
26%
Egypt
25%
Finland
25%
Malaysia
25%
Panama
25%
Austria
23%
Mozambique
23%
Djibouti
22%
Kenya
22%
Turkey
22%
Jamaica
21%
Burundi
20%
Cuba
20%
Denmark
20%
Iraq
20%
Lesotho
20%
Liberia
20%
Luxembourg
20%
Mauritania
20%
Seychelles
20%
Thailand
20%
Venezuela
20%
Ivory Coast
19%
Belarus
18%
Central African Republic
18%
Ghana
18%
Kyrgyzstan
18%
Maldives
18%
Tanzania
18%
Croatia
17%
Dominican Republic
17%
Laos
17%
Lithuania
17%
Rwanda
17%
Syria
17%
Cambodia
15%
Solomon Islands
15%
Vatican City
15%
Belize
14%
Estonia
14%
Israel
14%
Afghanistan
13%
Antigua and Barbuda
13%
Bhutan
13%
Bulgaria
13%
Libya
13%
Malawi
13%
Republic of the Congo
13%
San Marino
13%
São Tomé and Príncipe
13%
Saudi Arabia
13%
Norway
12%
Angola
11%
Armenia
11%
Bosnia and
Herzegovina
11%
Brunei
11%
Equatorial Guinea
11%
Namibia
11%
Qatar
11%
Romania
11%
Sri Lanka
11%
Trinidad and Tobago
11%
Barbados
10%
Costa Rica
10%
Saint Lucia
10%
Albania
9%
Bahrain
9%
Malta
9%
Philippines
9%
Tunisia
9%
Uganda
9%
Azerbaijan
8%
Jordan
8%
Liechtenstein
8%
Netherlands
8%
Nigeria
8%
Lebanon
7%
New Zealand
7%
Taiwan
7%
Bangladesh
0%
Benin
0%
Cape Verde
0%
Comoros
0%
Cyprus
0%
Czech Republic
0%
Dominica
0%
East Timor
0%
El Salvador
0%
Federated States of
Micronesia
0%
Fiji
0%
Gabon
0%
Gambia
0%
Grenada
0%
Guinea-Bissau
0%
Hungary
0%
Kosovo
0%
Kuwait
0%
Latvia
0%
Marshall Islands
0%
Mauritius
0%
Moldova
0%
Monaco
0%
Montenegro
0%
Nauru
0%
Palau
0%
Saint Kitts and Nevis
0%
Saint Vincent and the
Grenadines
0%
Samoa
0%
Sierra Leone
0%
Singapore
0%
Slovenia
0%
Somalia
0%
Tajikistan
0%
Tonga
0%
Tuvalu
0%
United Arab Emirates
0%
Vanuatu
0%
Zimbabwe
0%

Score Distribution

Percentile by Number Answered

Percent of People with Each Score

Your Score History

You have not taken this quiz